Distributed Systems: (Record no. 6016)

MARC details
000 -LEADER
fixed length control field 01116cam a22003014a 4500
001 - CONTROL NUMBER
control field 14465350
003 - CONTROL NUMBER IDENTIFIER
control field OSt
005 - DATE AND TIME OF LATEST TRANSACTION
control field 20191122145418.0
008 - FIXED-LENGTH DATA ELEMENTS--GENERAL INFORMATION
fixed length control field 060724s2007 njua b 001 0 eng
010 ## - LIBRARY OF CONGRESS CONTROL NUMBER
LC control number 2006024063
020 ## - INTERNATIONAL STANDARD BOOK NUMBER
International Standard Book Number 9781292025520
035 ## - SYSTEM CONTROL NUMBER
System control number (OCoLC)ocm70707891
035 ## - SYSTEM CONTROL NUMBER
System control number (OCoLC)70707891
040 ## - CATALOGING SOURCE
Original cataloging agency DLC
Transcribing agency DLC
Modifying agency BAKER
-- C#P
-- VP@
-- YDXCP
-- UBA
-- DLC
082 00 - DEWEY DECIMAL CLASSIFICATION NUMBER
Classification number 005.447 TAN 2014
Edition number 22
100 1# - MAIN ENTRY--PERSONAL NAME
Personal name Tanenbaum, Andrew S.; Steen, Maarten van.
9 (RLIN) 6483
245 10 - TITLE STATEMENT
Title Distributed Systems:
Remainder of title principles and paradigms
250 ## - EDITION STATEMENT
Edition statement 2nd ed.
260 ## - PUBLICATION, DISTRIBUTION, ETC. (IMPRINT)
Place of publication, distribution, etc. Essex :
Name of publisher, distributor, etc. Pearson Prentice Hall,
Date of publication, distribution, etc. 2014.
300 ## - PHYSICAL DESCRIPTION
Extent ii, 633 p. :
Other physical details ill. ;
Dimensions 25 cm.
504 ## - BIBLIOGRAPHY, ETC. NOTE
Bibliography, etc Includes bibliographical references and index.
650 #0 - SUBJECT ADDED ENTRY--TOPICAL TERM
Topical term or geographic name as entry element Electronic data processing
9 (RLIN) 6528
650 #0 - SUBJECT ADDED ENTRY--TOPICAL TERM
Topical term or geographic name as entry element Operating systems
9 (RLIN) 12493
856 41 - ELECTRONIC LOCATION AND ACCESS
Materials specified Table of contents only
Uniform Resource Identifier http://www.loc.gov/catdir/toc/ecip0617/2006024063.html
906 ## - LOCAL DATA ELEMENT F, LDF (RLIN)
a 7
b cbc
c orignew
d 1
e ecip
f 20
g y-gencatlg
942 ## - ADDED ENTRY ELEMENTS (KOHA)
Source of classification or shelving scheme Dewey Decimal Classification
Koha item type Open Shelf
Holdings
Withdrawn status Lost status Source of classification or shelving scheme Damaged status Not for loan Home library Current library Date acquired Source of acquisition Inventory number Total Checkouts Full call number Barcode Date last seen Koha item type
    Dewey Decimal Classification     MUST Main Library MUST Main Library 27/02/2018 Purchase 17/40434   005.447 TAN 2014 2018-0117 27/02/2018 Open Shelf
    Dewey Decimal Classification     MUST Main Library MUST Main Library 22/11/2019 Purchase 19/40898   005.447 TAN 2014 2019-0639 22/11/2019 Open Shelf
    Dewey Decimal Classification     Main Kihumuro Campus Main Kihumuro Campus 22/11/2019 Purchase 19/40899   005.447 TAN 2014 2019-0640 22/11/2019 Book Bank
    Dewey Decimal Classification     Main Kihumuro Campus Main Kihumuro Campus 22/11/2019 Purchase 19/40900   005.447 TAN 2014 2019-0641 22/11/2019 Book Bank
    Dewey Decimal Classification     Main Kihumuro Campus Main Kihumuro Campus 22/11/2019 Purchase 19/40901   005.447 TAN 2014 2019-0642 22/11/2019 Book Bank
    Dewey Decimal Classification     Main Kihumuro Campus Main Kihumuro Campus 22/11/2019 Purchase 19/40902   005.447 TAN 2014 2019-0643 22/11/2019 Book Bank